| 000 | 00761nam a22002417a 4500 | ||
|---|---|---|---|
| 999 |
_c3203 _d3203 |
||
| 003 | AR-CdUCM | ||
| 008 | 190306b ||||| |||| 00| 0 spa d | ||
| 040 |
_aMUNICIPALIDAD PROVINCIAL DEL CUSCO _cBIBLIOTECA MUNICIPAL DEL CUSCO |
||
| 082 |
_a381.09 / _bAR69 |
||
| 100 |
_aArenas Rospigliosi, Carlos Adolfo _910745 |
||
| 245 | _aPara Todas las Vendedoras y Vendedores del Mundo... / | ||
| 260 |
_aLima : _bLinea & Puntos, _c2001. |
||
| 300 |
_a99 paginas ; _c21cm. |
||
| 500 | _aGuia para vendedoras | ||
| 650 |
_aAspectos filosoficos _95249 |
||
| 650 |
_aVendedores _910746 |
||
| 650 |
_aMeditaciones _910747 |
||
| 650 |
_aPerĂº _935 |
||
| 700 |
_aCruz A, Matgriela _910748 |
||
| 700 |
_aCruz A. Francesca _910749 |
||
| 942 |
_2ddc _cLIBROS |
||
| 945 | _apjha | ||